01005nam a2200217Ia 4500008004100000082001500041100001700056245006000073250000800133260002800141300001100169500002400180650001500204942000700219952010400226952012800330952010400458952010400562952010400666999001700770230524s9999 xx 000 0 und d a658.4bSON aC.N.Sontakki 0aStrategic Management and Entrepreneurship :Text & Cases aIST aLUDHIANAbKalyanic2010 aIV;271 aQuantity Number: 5 aManagement cBK 00104070aTATCLbTATCLcGENd2023-05-24l0o658.4 SONp37552r2023-05-24w2023-05-24yBKzMBA305A 00104070aTATCLbTATCLcGENd2023-05-24l1o658.4 SONp37553q2015-09-25r2024-02-01s2024-02-01w2023-05-24yBKzMBA305A 00104070aTATCLbTATCLcGENd2023-05-24l0o658.4 SONp37554r2023-05-24w2023-05-24yBKzMBA305A 00104070aTATCLbTATCLcGENd2023-05-24l0o658.4 SONp37555r2023-05-24w2023-05-24yBKzMBA305A 00104070aTATCLbTATCLcGENd2023-05-24l0o658.4 SONp37556r2023-05-24w2023-05-24yBKzMBA305A c46699d46699